| 000 | 01657 a2200253 4500 | ||
|---|---|---|---|
| 001 | 15871 | ||
| 005 | 20260407155451.0 | ||
| 008 | 260407a1977 arg spa d | ||
| 003 | AR-UNSa-BCEJYS | ||
| 040 |
_aAR-UNSa-BCEJYS _bspa _cAR-UNSa-BCEJYS |
||
| 080 |
_a519.2 _xProbabilidades y estadística matemática |
||
| 245 | 1 | 0 | _aAnálisis estadístico |
| 020 | _a978-968-25-0208-8 | ||
| 250 | _a2a. ed. | ||
| 264 | 1 |
_aMéxico : _bInteramericana _c1977 |
|
| 300 |
_axv, 806 p. _c24 cm. |
||
| 505 | _a1. Naturaleza y objeto de la estadística - 2. Organización y presentación de datos univariables - 3. Medidas descriptivas para datos univariables - 4. Teoría de probabilidades - 5. Variables aleatorias - 6. Modelos especiales de probabilidades - 7. Muestreo de distribuciones - 8. Teoría clásica de la estimación - 9. Teoría clásica de la prueba - 10. Distribuciones Chi Cuadrado, F y t de Student - 11. Diseño experimental y análisis de variancia - 12. Muestreo y modelo de muestreo - 13. Inferencia bayesiana - 14. Teoría de las decisiones: análisis anterior - 15. Teoría de la decisión: análisis posterior y pre posterior - 16. Estadística no paramétrica - 17. Análisis bivariable lineal - 18. Análisis multivariable lineal y análisis no lineal - 19. Números índices - 20. Análisis de series de tiempo - 21. Técnicas de pronosticación - 22. Juegos, colas y simulaciones. | ||
| 041 | _aspa | ||
| 942 | _cBK | ||
| 590 | _aniveau_biblio:m niveau_hierar:0 | ||
| 100 | 1 | _aChou, Ya-Lun | |
| 700 | 1 | _aAgut Armer, Vicente | |
| 856 | 4 | 1 |
_uhttps://www.biblioeco.unsa.edu.ar/pmb/images/libros/L127493.jpg _yImagen de portada _qimage/jpeg |
| 999 |
_c666 _d666 |
||